Kirby: Planet Robobot Original Soundtrack - Statistics

General Stats
  • This quiz has been taken 14 times
  • The average score is 39 of 97
Answer Stats
Number Song % Correct
72 Vs. Star Dream
89%
69 Crazy Rolling In Money
78%
74 Intermezzo Without A Leader
78%
4 Patched Plains
78%
34 Vs. The Wicked Company
78%
1 Bright Spinning Planet
67%
26 Dried-Up Sea
67%
33 Haltmann Works Co. Theme Song
67%
67 Inner Struggle
67%
6 Re: Green Greens
67%
53 Rhythm Route
67%
76 Vagrant Counting Song Of Retrospection
67%
15 Yearning For Yellow (Vroom!)
67%
62 Access Ark
56%
25 Gigabyte Grounds
56%
10 Green Laboratory
56%
8 Pink Ball Activate!
56%
77 Pink Ball Revolution
56%
92 Soul 0 System/Vagrant Keepsake Of Oblivion
56%
86 Spinning Planet Complete
56%
28 Studying The Power Plant
56%
97 The Noble Haltmann: Final Recital
56%
27 Core Kabula Surprise!
44%
89 Faded & Flower
44%
71 Final Takeoff
44%
16 Flight Of Azure
44%
18 Gorgeous-Go-Round
44%
40 Green Greens
44%
64 Haltmann Works Co. HQ
44%
68 Loveless Command
44%
80 Memories (I'll Never Forget You)
44%
7 Metal N. Vasion
44%
88 Reproduction Of Darkness
44%
17 Residential Laboratory
44%
14 Resolution Road
44%
81 Return Of Meta Knight
44%
21 Rhythm Code
44%
9 Steel Beat
44%
24 Submarine Suburbs
44%
90 The Greatest Warrior In The Galaxy Ever
44%
5 Venturing Into The Mechanized World
44%
83 You Lack Discipline
44%
60 9.3 Billion In Anguish
33%
70 Apocalyptic Reboot
33%
96 Are You Sure?
33%
20 Bountiful Star
33%
82 Brothers In Arms
33%
58 Caught Me Singing
33%
50 Crowned: Ver. 2 (Dedede's Drum Dash Deluxe)
33%
59 Dedede's Tridimensional Cannon
33%
73 Fatal Error
33%
2 First Contact
33%
30 Game Over
33%
48 Halberd (Kirby's Epic Yarn)
33%
39 Kirby 3D Rumble
33%
66 L86
33%
32 Loading...
33%
57 Loud Locomotive
33%
3 Magical Planet Popstar
33%
56 Neon Laboratory
33%
55 Outlaw Driver
33%
19 Overload Ocean
33%
79 Planet Heart
33%
65 Pristine Office March
33%
54 Sky-High And Smitten
33%
84 StreetPass Wins (Normal)
33%
85 StreetPass Wins (True)
33%
43 Team Kirby Clash
33%
23 Time For Dessert!
33%
37 Toy Box
33%
42 Vs. Mega Masher
33%
94 Well-Fed Victory
33%
46 Above The Clouds (Kirby 64: The Crystal Shards)
22%
91 Broken Heart
22%
45 City Trial: Rowdy Charge Tank (Kirby Air Ride)
22%
13 Clouds Park
22%
87 Combat Evaluation Program
22%
29 Done In
22%
93 Heartless Tears
22%
95 Homeland Restored
22%
22 Industrial Laboratory
22%
11 Invincible
22%
36 Kirby Dance (Full Version)
22%
12 Kirby Dance (Short Version)
22%
35 Let's Go Home
22%
38 Memorial Theatre
22%
31 Mother's Intuition
22%
51 Pocket Diary
22%
61 Secret Area: Hal Room (Dedede's Drum Dash Deluxe)
22%
52 Select A File!
22%
78 Shell Scream
22%
49 Spectacle Space (Kirby: Canvas Curse)
22%
44 Time Beeeam!
22%
47 Vs. Chef Kawasaki (Kirby's Star Stacker)
22%
41 Vs. Mini Masher
22%
75 First Cry Of A Newborn Star
11%
63 Working Sounds
11%
No matching quizzes found
Score Distribution
Percent of People with Each Score
Percentile by Number Answered
Your Score History
You have not taken this quiz